Introducción a la educación comparada
| Main Author: | |
|---|---|
| Format: | Section = Libro |
| Language: | Undetermined Spanish |
| Published: |
San José, Costa Rica
EUNED
2000
|
| Subjects: |
| LEADER | 00575nam a2200205Ia 4500 | ||
|---|---|---|---|
| 008 | 240829s9999 xx 000 0 und d | ||
| 020 | |a 9977-64-291-5 | ||
| 040 | |a BIBLIOTECA-RUSB/ 370.195 O48 | ||
| 041 | |a spa | ||
| 082 | |a 370.195 O48 | ||
| 100 | 1 | |a Olivera, Carlos E. | |
| 245 | 1 | 0 | |a Introducción a la educación comparada |
| 260 | |a San José, Costa Rica |b EUNED |c 2000 | ||
| 300 | |a 483 p. :il. | ||
| 650 | 7 | |a EDUCACION COMPARADA | |
| 650 | 7 | |b METODOLOGIA-EDUCACION COMPARADA | |
| 650 | 7 | |c HISTORIA - EDUCACION COMPARADA | |
| 942 | |c BK |2 ddc | ||
| 991 | |a TEXTO | ||
| 999 | |c 1100 | ||